[Event "Royal City Masters"]
[Site "Guelph CAN"]
[Date "2025.08.02"]
[Round "2.6"]
[White "Atanasov, Anthony"]
[Black "Woltery, Nicolai"]
[Result "1-0"]
[WhiteElo "2411"]
[BlackElo "2084"]
[WhiteFideId "-1"]
[WhiteFideId "-1"]
[PlyCount "79"]
[GameId "2206420299948032"]
[EventDate "2025.08.01"]
[EventType "swiss"]
[EventRounds "9"]
[EventCountry "CAN"]

1. d4 Nf6 2. Nf3 g6 3. c4 c5 4. dxc5 Qa5+ 5. Nc3 Qxc5 6. e4 d6 7. h3 Bg7 8. Bd3 O-O 9. O-O Nc6 10. Be3 Qa5 11. a3 Nd7 12. b4 Qd8 13. Rc1 Nde5 14. Be2 Nxf3+ 15. Bxf3 Be6 16. Be2 b6 17. f4 Rc8 18. Qd2 f6 19. f5 Bf7 20. Nd5 Ne5 21. h4 Kh8 22. Bd4 Bxd5 23. exd5 Rg8 24. fxg6 hxg6 25. c5 Nf7 26. cxb6 Rxc1 27. Qxc1 axb6 28. Qc6 Qa8 29. a4 Ne5 30. Qxa8 Rxa8 31. Bb5 Bh6 32. Bxb6 Bd2 33. Rb1 Rb8 34. Ba7 Rc8 35. Bd4 Nc4 36. Rb3 Ne5 37. a5 Rc1+ 38. Bf1 Nc4 39. a6 Bxb4 40. a7 1-0

[Event "Royal City Masters"]
[Site "Guelph CAN"]
[Date "2025.08.02"]
[Round "2.7"]
[White "Wang, Bingfei"]
[Black "Liang, Jason"]
[Result "0-1"]
[WhiteElo "1942"]
[BlackElo "2409"]
[WhiteFideId "-1"]
[WhiteFideId "-1"]
[PlyCount "70"]
[GameId "2207973340368142"]
[EventDate "2025.08.01"]
[EventType "swiss"]
[EventRounds "9"]
[EventCountry "CAN"]

1. d4 d5 2. c4 e6 3. Nc3 Nf6 4. Nf3 c6 5. Bg5 Nbd7 6. e3 h6 7. Bh4 Be7 8. Bd3 O-O 9. O-O dxc4 10. Bxc4 b5 11. Bd3 Bb7 12. e4 b4 13. Na4 c5 14. e5 Nd5 15. Bxe7 Qxe7 16. dxc5 Bc6 17. Rc1 Nf4 18. Ba6 Nxe5 19. Nxe5 Qg5 20. Qg4 Qxe5 21. Rfe1 Qf6 22. g3 Ng6 23. Qxb4 Rab8 24. Qa3 Rfd8 25. Re2 Ne5 26. h4 Rd4 27. Nb6 Rbd8 28. Kf1 Nf3 29. Qb3 Nd2+ 30. Rxd2 Rxd2 31. Be2 Rxb2 32. Qe3 Rdd2 33. Re1 Bb5 34. c6 Rxe2 35. Rxe2 Rxe2 0-1

[Event "Royal City Masters"]
[Site "Guelph CAN"]
[Date "2025.08.02"]
[Round "2.8"]
[White "Han, Johnathan"]
[Black "Saine, Zachary"]
[Result "1-0"]
[WhiteElo "2402"]
[BlackElo "2024"]
[WhiteFideId "-1"]
[WhiteFideId "-1"]
[PlyCount "57"]
[GameId "2207975977942417"]
[EventDate "2025.08.01"]
[EventType "swiss"]
[EventRounds "9"]
[EventCountry "CAN"]

1. e4 c6 2. Nf3 d5 3. d3 Qc7 4. Nc3 dxe4 5. dxe4 e5 6. Bc4 h6 7. O-O Bg4 8. h3 Bh5 9. g4 Bg6 10. Nh4 Bh7 11. f4 Qe7 12. Ng2 Qc5+ 13. Ne3 exf4 14. Rxf4 Nf6 15. Rf2 Be7 16. Bb3 O-O 17. Nf5 Bxf5 18. exf5 Qa5 19. Kg2 Na6 20. a3 Rad8 21. Qf3 Nc7 22. Re2 Bd6 23. Bd2 Qa6 24. Rae1 c5 25. g5 hxg5 26. Bxg5 Rfe8 27. Bxf6 gxf6 28. Qg4+ Kf8 29. Qh5 1-0

[Event "Royal City Masters"]
[Site "Guelph CAN"]
[Date "2025.08.02"]
[Round "2.9"]
[White "Sai, Krishna GV"]
[Black "Plotkin, Victor"]
[Result "1-0"]
[WhiteElo "2390"]
[BlackElo "2282"]
[WhiteFideId "-1"]
[WhiteFideId "-1"]
[PlyCount "117"]
[GameId "2207977049763225"]
[EventDate "2025.08.01"]
[EventType "swiss"]
[EventRounds "9"]
[EventCountry "CAN"]

1. e4 e5 2. Nf3 Nc6 3. Bb5 a6 4. Ba4 Nf6 5. O-O d6 6. c3 Be7 7. Re1 O-O 8. h3 b5 9. Bb3 Na5 10. Bc2 c5 11. d4 Qc7 12. d5 g6 13. Bh6 Re8 14. Qc1 Kh8 15. b4 Nc4 16. a4 Bd7 17. Ng5 Kg8 18. Bd3 Nh5 19. Nf3 Rec8 20. g4 Nf6 21. Ra2 Qb7 22. Rc2 Rc7 23. a5 Qc8 24. Kh2 Bxg4 25. hxg4 Qxg4 26. Ng1 Qh4+ 27. Kg2 Ng4 28. Bxc4 Nxh6 29. Bd3 c4 30. Bf1 f5 31. Qe3 f4 32. Qh3 Qxh3+ 33. Kxh3 Nf7 34. Kh2 h5 35. Bh3 Kg7 36. f3 Bh4 37. Rd1 g5 38. Be6 Kf6 39. Kg2 Rg8 40. Ne2 g4 41. Bxf7 Rxf7 42. Rh1 Kg5 43. Nd2 Rfg7 44. Rcc1 Rh7 45. Rcg1 Rgg7 46. Kf1 Bg3 47. Nxg3 fxg3 48. Rxg3 Kf4 49. Kf2 h4 50. Rxg4+ Rxg4 51. fxg4 Kxg4 52. Nf3 Kf4 53. Rh3 Rh6 54. Nd2 Rh8 55. Rf3+ Kg4 56. Nf1 h3 57. Nh2+ Kh4 58. Rg3 Rf8+ 59. Nf3+ 1-0

[Event "Royal City Masters"]
[Site "Guelph CAN"]
[Date "2025.08.02"]
[Round "2.10"]
[White "Posthuma, Joshua"]
[Black "Ren, Jesse"]
[Result "1-0"]
[WhiteElo "2380"]
[BlackElo "2114"]
[WhiteFideId "-1"]
[WhiteFideId "-1"]
[PlyCount "95"]
[GameId "2207986983615905"]
[EventDate "2025.08.01"]
[EventType "swiss"]
[EventRounds "9"]
[EventCountry "CAN"]

1. d4 Nf6 2. Bf4 d6 3. Nc3 Nbd7 4. Nf3 c5 5. e3 g6 6. h3 Bg7 7. Be2 O-O 8. O-O cxd4 9. exd4 b6 10. Re1 Bb7 11. Qd2 Rc8 12. Rad1 a6 13. a4 Qc7 14. d5 Ne5 15. Nxe5 dxe5 16. Bg3 Rfd8 17. Bf3 Nxd5 18. Nxd5 Bxd5 19. Bxd5 e6 20. c4 exd5 21. cxd5 Qd6 22. Qe2 Rc5 23. Qxa6 Ra5 24. Qb7 Rxa4 25. Re3 Rd7 26. Qc8+ Rd8 27. Qc2 Ra5 28. Red3 Rc5 29. Qa4 f5 30. f3 Rdc8 31. Qb3 Rc1 32. Bf2 e4 33. fxe4 fxe4 34. R3d2 Bh6 35. Be3 R8c3 36. Qxc3 Rxc3 37. Bxh6 Rc7 38. Rf2 Qc5 39. b4 Qd6 40. Bf4 Qd7 41. Bxc7 Qxc7 42. d6 Qd7 43. Re2 Qa4 44. Rdd2 Qa1+ 45. Kh2 Qe5+ 46. g3 Qe8 47. d7 Qd8 48. Rxe4 1-0

[Event "Royal City Masters"]
[Site "Guelph CAN"]
[Date "2025.08.02"]
[Round "2.11"]
[White "Wang, Nathan"]
[Black "Perez Rodriguez, Luis Manuel"]
[Result "0-1"]
[WhiteElo "1993"]
[BlackElo "2318"]
[WhiteFideId "-1"]
[WhiteFideId "-1"]
[PlyCount "126"]
[GameId "2207988897254825"]
[EventDate "2025.08.01"]
[EventType "swiss"]
[EventRounds "9"]
[EventCountry "CAN"]

1. e4 e5 2. Nf3 Nc6 3. Bc4 Nf6 4. d3 Be7 5. O-O O-O 6. a4 d6 7. Re1 Kh8 8. h3 Ng8 9. Nc3 f5 10. Nd5 fxe4 11. dxe4 Nf6 12. b3 Nxd5 13. exd5 Nb8 14. Bd3 Bf5 15. Bxf5 Rxf5 16. Qd3 Qf8 17. Qb5 Qc8 18. Ba3 Nd7 19. Qd3 Qf8 20. c4 Qf7 21. Re2 Rf8 22. Rae1 Qh5 23. Nd2 Nf6 24. Ne4 Nxe4 25. Rxe4 Qf7 26. Qe2 Qg6 27. f4 Bg5 28. Bc1 Bxf4 29. Bxf4 Rxf4 30. Rxf4 exf4 31. Qf3 Qg5 32. Kh2 h6 33. Kh1 Kg8 34. Kh2 Qf5 35. Re7 Rf7 36. Re8+ Kh7 37. Re4 Rf6 38. Kh1 c6 39. dxc6 bxc6 40. Rd4 Qe5 41. Rd1 Qe3 42. Rd3 Qxf3 43. Rxf3 g5 44. Rd3 Kg6 45. Kg1 Kf5 46. c5 d5 47. b4 Ke4 48. Rd1 a6 49. Kf2 d4 50. Ke2 Kd5 51. Rb1 Re6+ 52. Kd2 Re3 53. Rb2 Ra3 54. b5 axb5 55. axb5 cxb5 56. Rxb5 Rg3 57. Rb6 Rxg2+ 58. Ke1 Kxc5 59. Rxh6 Kd5 60. Rg6 Ke4 61. h4 g4 62. h5 g3 63. h6 Rh2 0-1

[Event "Royal City Masters"]
[Site "Guelph CAN"]
[Date "2025.08.02"]
[Round "2.12"]
[White "Xu, Leon"]
[Black "Vettese, Nicholas"]
[Result "1/2-1/2"]
[WhiteElo "2046"]
[BlackElo "2352"]
[WhiteFideId "-1"]
[WhiteFideId "-1"]
[PlyCount "81"]
[GameId "2208183461244402"]
[EventDate "2025.08.01"]
[EventType "swiss"]
[EventRounds "9"]
[EventCountry "CAN"]

1. e4 c5 2. Nf3 e6 3. d4 cxd4 4. Nxd4 Nc6 5. Nc3 Qc7 6. Be3 a6 7. Be2 Nf6 8. O-O Be7 9. f4 d6 10. a4 O-O 11. Kh1 Bd7 12. Bd3 Rfe8 13. Qf3 Bf8 14. Rae1 Qa5 15. Nb3 Qh5 16. Qxh5 Nxh5 17. g4 Nf6 18. g5 Nh5 19. f5 Nb4 20. f6 g6 21. Rc1 Rac8 22. Na5 h6 23. Be2 hxg5 24. Bxh5 gxh5 25. Rg1 g4 26. h3 e5 27. Nxb7 Kh7 28. hxg4 Bxg4 29. Kh2 Nc6 30. Rxg4 hxg4 31. Rg1 Rb8 32. Rxg4 Rxb7 33. Rh4+ Kg6 34. Nd5 Rxb2 35. Rg4+ Kh7 36. Rh4+ Bh6 37. Bxh6 Rb1 38. Bc1+ Kg8 39. Rg4+ Kh7 40. Rh4+ Kg8 41. Rg4+ 1/2-1/2

[Event "Royal City Masters"]
[Site "Guelph CAN"]
[Date "2025.08.02"]
[Round "2.13"]
[White "Jaferian, Koosha"]
[Black "Marchand, Calix"]
[Result "1-0"]
[WhiteElo "2285"]
[BlackElo "2160"]
[WhiteFideId "-1"]
[WhiteFideId "-1"]
[PlyCount "151"]
[GameId "2208185877848180"]
[EventDate "2025.08.01"]
[EventType "swiss"]
[EventRounds "9"]
[EventCountry "CAN"]

1. d4 Nf6 2. c4 e6 3. Nf3 Bb4+ 4. Bd2 Qe7 5. e3 b6 6. Bd3 Bb7 7. O-O Bxd2 8. Nbxd2 d6 9. e4 e5 10. Re1 O-O 11. Nb1 exd4 12. Nxd4 Qe5 13. Bc2 Ba6 14. Na3 Ng4 15. g3 Qc5 16. Nab5 Nc6 17. Qxg4 Nxd4 18. Nxd4 Qxd4 19. b3 Rae8 20. Rad1 Qc3 21. Re2 Bc8 22. Qf4 f5 23. Qd2 Qxd2 24. Rdxd2 f4 25. Re1 Bb7 26. Kg2 Re5 27. f3 g5 28. Rf2 Kg7 29. Rg1 Rf6 30. Kf1 Kf7 31. Ke2 Bc8 32. Kd2 h6 33. Bd3 Be6 34. Kc3 Bd7 35. b4 a5 36. a3 Bc8 37. Bc2 Bb7 38. g4 Kg7 39. h4 Rf8 40. Rh2 Rh8 41. Rgh1 Ree8 42. bxa5 bxa5 43. Ba4 Re5 44. Bd7 Ba6 45. hxg5 Rxg5 46. Bf5 Bb7 47. Kd4 c5+ 48. Kc3 h5 49. Rxh5 Rhxh5 50. gxh5 Kh6 51. Rh4 Rg3 52. Rxf4 Kxh5 53. Be6 Kg5 54. Rf7 Bxe4 55. Rg7+ Bg6 56. Bd5 Kf6 57. Rd7 Ke5 58. Re7+ Kf4 59. Re6 Rg2 60. Rxd6 a4 61. Rf6+ Kg5 62. f4+ Kxf6 63. Bxg2 Kf5 64. Bc6 Kxf4 65. Bxa4 Ke5 66. Bb5 Kd6 67. a4 Be4 68. a5 Kc7 69. Kd2 Kd6 70. Ke3 Ke5 71. a6 Ba8 72. Ba4 Kd6 73. Bc2 Kc7 74. Be4 Bxe4 75. Kxe4 Kb6 76. Kd5 1-0

[Event "Royal City Masters"]
[Site "Guelph CAN"]
[Date "2025.08.02"]
[Round "2.14"]
[White "Cummings, David"]
[Black "Terry, Joshua"]
[Result "0-1"]
[WhiteElo "2252"]
[BlackElo "2155"]
[WhiteFideId "-1"]
[WhiteFideId "-1"]
[PlyCount "104"]
[GameId "2208188637851850"]
[EventDate "2025.08.01"]
[EventType "swiss"]
[EventRounds "9"]
[EventCountry "CAN"]

1. c4 g6 2. e4 Bg7 3. d4 d6 4. Nc3 Nf6 5. Nf3 O-O 6. Bd3 Nc6 7. d5 Nb4 8. Be2 a5 9. O-O e6 10. a3 Na6 11. dxe6 Bxe6 12. Nd4 Re8 13. Bg5 h6 14. Be3 Nc5 15. f3 a4 16. Qd2 Kh7 17. Rad1 Qe7 18. Rfe1 Nh5 19. Bf1 Qf8 20. Qc2 Bd7 21. Ndb5 Bxb5 22. cxb5 b6 23. Bc4 Nf6 24. Nd5 Ra7 25. Nb4 h5 26. Nc6 Raa8 27. Ba2 Nfd7 28. Bd4 Bxd4+ 29. Nxd4 Nf6 30. Nc6 Qg7 31. h3 h4 32. Qc4 Kg8 33. e5 Nh5 34. exd6 cxd6 35. Re7 Rxe7 36. Nxe7+ Kf8 37. Nd5 Ra7 38. Nxb6 Qxb2 39. Nd5 Rb7 40. Qc3 Rxb5 41. Qc4 Rb7 42. Nb4 Qxa3 43. Nd5 Qb2 44. Rb1 Qd2 45. Rxb7 Nxb7 46. Qc8+ Kg7 47. Qc3+ Qxc3 48. Nxc3 Nc5 49. Nb5 Nf4 50. Nxd6 f5 51. Nc4 Ne2+ 52. Kf2 Nc3 0-1

[Event "Royal City Masters"]
[Site "Guelph CAN"]
[Date "2025.08.02"]
[Round "2.15"]
[White "Qian, Ashley"]
[Black "Polacek, Jozef"]
[Result "1-0"]
[WhiteElo "2134"]
[BlackElo "2240"]
[WhiteFideId "-1"]
[WhiteFideId "-1"]
[PlyCount "61"]
[GameId "2208190861816018"]
[EventDate "2025.08.01"]
[EventType "swiss"]
[EventRounds "9"]
[EventCountry "CAN"]

1. e4 d6 2. d4 Nf6 3. Nc3 g6 4. Bg5 c6 5. Qd2 Bg7 6. Nf3 O-O 7. a4 a5 8. h3 d5 9. Bd3 dxe4 10. Nxe4 Nxe4 11. Bxe4 Nd7 12. O-O Nf6 13. Bd3 Be6 14. c3 Qc8 15. Qe3 Nd5 16. Qe2 Bf5 17. Rfe1 Bxd3 18. Qxd3 e6 19. Rad1 c5 20. Bh4 Qc6 21. Qc4 Rac8 22. Ne5 Qc7 23. Bg3 cxd4 24. Qxd4 Bxe5 25. Bxe5 Qc6 26. Bg7 Rfe8 27. Bh8 Kf8 28. c4 Qxc4 29. Qg7+ Ke7 30. Rxe6+ Kxe6 31. Qe5+ 1-0

[Event "Royal City Masters"]
[Site "Guelph CAN"]
[Date "2025.08.02"]
[Round "2.16"]
[White "Kaufman, Raymond"]
[Black "Gao, Heye"]
[Result "1-0"]
[WhiteElo "2239"]
[BlackElo "2068"]
[WhiteFideId "-1"]
[WhiteFideId "-1"]
[PlyCount "111"]
[GameId "2208208589349082"]
[EventDate "2025.08.01"]
[EventType "swiss"]
[EventRounds "9"]
[EventCountry "CAN"]

1. d4 d5 2. c4 c6 3. Nf3 Nf6 4. Nc3 e6 5. Bg5 Nbd7 6. e3 Qa5 7. cxd5 Nxd5 8. Qd2 Bb4 9. Rc1 c5 10. a3 Bxc3 11. bxc3 Qxa3 12. e4 N5f6 13. Bd3 O-O 14. O-O cxd4 15. cxd4 h6 16. Bf4 Nb6 17. Rc3 Qe7 18. Re1 Qd8 19. Rec1 Ne8 20. Rc5 Bd7 21. Bxh6 Rc8 22. Bg5 f6 23. Bf4 Qe7 24. Qa2 Rxc5 25. dxc5 Na4 26. Nd4 Kh8 27. c6 bxc6 28. Qxa4 e5 29. Be3 exd4 30. Qxd4 Nc7 31. Qxa7 Rc8 32. h4 Ne6 33. Ba6 Rc7 34. Qb8+ Be8 35. Bc4 Nf8 36. Bc5 Qxc5 37. Qxc7 Bg6 38. Qf4 Qe7 39. f3 Nd7 40. Kh2 Ne5 41. Be2 Qc7 42. Qg3 Kh7 43. f4 Nd7 44. f5 Qxg3+ 45. Kxg3 Bf7 46. Rxc6 Ne5 47. Rc7 Kh6 48. Kf4 Ba2 49. g4 g5+ 50. hxg5+ fxg5+ 51. Kxe5 Bg8 52. Kf6 Be6 53. Rc1 Kh7 54. Rh1+ Kg8 55. fxe6 Kf8 56. Rh8# 1-0

[Event "Royal City Masters"]
[Site "Guelph CAN"]
[Date "2025.08.02"]
[Round "2.17"]
[White "Yang, Larry"]
[Black "Moses, Neil"]
[Result "0-1"]
[WhiteElo "2108"]
[BlackElo "2234"]
[WhiteFideId "-1"]
[WhiteFideId "-1"]
[PlyCount "140"]
[GameId "2208235461173480"]
[EventDate "2025.08.01"]
[EventType "swiss"]
[EventRounds "9"]
[EventCountry "CAN"]

1. e4 c5 2. Nf3 e6 3. d4 cxd4 4. Nxd4 a6 5. a3 Nf6 6. Nc3 Qc7 7. f4 d6 8. Be3 b5 9. Bd3 Bb7 10. g4 e5 11. fxe5 dxe5 12. Nf5 g6 13. Ng3 h5 14. gxh5 Nxh5 15. Nxh5 Rxh5 16. Qg4 Be7 17. O-O-O Nd7 18. Nd5 Bxd5 19. exd5 Nf6 20. Qg2 Qd6 21. Be2 Rh7 22. Bd2 Qxd5 23. Qxd5 Nxd5 24. Bf3 O-O-O 25. Ba5 Nc7 26. Rde1 Bg5+ 27. Kb1 Bf4 28. a4 f5 29. axb5 axb5 30. Bc6 e4 31. h4 Bd2 32. Bxd2 Rxd2 33. Rhg1 Rd6 34. Bxe4 fxe4 35. Rxe4 Rc6 36. Rg5 Rf7 37. c3 Rf2 38. h5 gxh5 39. Rxh5 Kb7 40. Reh4 Kb6 41. Rh6 Rxh6 42. Rxh6+ Ka5 43. Rh5 Kb6 44. Rh6+ Kc5 45. Ka2 Nd5 46. Kb3 Ne3 47. Rh5+ Kb6 48. Rh6+ Ka5 49. Rh8 Nc4 50. Ra8+ Kb6 51. Rb8+ Kc6 52. Ka2 Rxb2+ 53. Ka1 Rc2 54. Rh8 Rxc3 55. Ka2 Rc2+ 56. Kb3 Rg2 57. Kb4 Nd6 58. Rh4 Re2 59. Rh5 Re4+ 60. Kb3 Rd4 61. Rg5 Rd5 62. Rg8 Kc5 63. Rg4 Re5 64. Kc3 b4+ 65. Kb3 Re3+ 66. Kb2 Nc4+ 67. Kb1 b3 68. Rg1 Kb4 69. Rh1 b2 70. Rg1 Kb3 0-1

[Event "Royal City Masters"]
[Site "Guelph CAN"]
[Date "2025.08.02"]
[Round "2.18"]
[White "Ling, Chenxuan"]
[Black "Windram, James"]
[Result "1-0"]
[WhiteElo "2222"]
[BlackElo "1984"]
[WhiteFideId "-1"]
[WhiteFideId "-1"]
[PlyCount "127"]
[GameId "2208238874923251"]
[EventDate "2025.08.01"]
[EventType "swiss"]
[EventRounds "9"]
[EventCountry "CAN"]

1. d4 Nf6 2. Bg5 c6 3. Bxf6 exf6 4. e3 d5 5. g3 Bd6 6. Bg2 O-O 7. Ne2 Nd7 8. O-O f5 9. b3 Nf6 10. c4 Be6 11. Qd3 Qd7 12. Nbc3 Bc7 13. Rac1 g5 14. Rfd1 Rad8 15. cxd5 cxd5 16. Na4 b6 17. Nb2 Bd6 18. Qb1 f4 19. exf4 gxf4 20. Nd3 Bf5 21. Qb2 Qe7 22. Qd2 Ne4 23. Bxe4 dxe4 24. Ndxf4 Bg4 25. Re1 Bb4 26. Nc3 Bf3 27. Qe3 Qg5 28. h3 Rd6 29. Nxe4 Bxe4 30. Qxe4 Bxe1 31. Rxe1 Rfd8 32. d5 Rf6 33. Qe7 Rf5 34. Qxg5+ Rxg5 35. Re7 a5 36. Rb7 Rd6 37. Kg2 Re5 38. Kf3 h6 39. Kg4 Rg5+ 40. Kf3 Re5 41. h4 Rf6 42. Rb8+ Kh7 43. Rd8 Re1 44. Kg4 Rf1 45. f3 Rd1 46. Nh5 Rg6+ 47. Kf5 Rd3 48. f4 Rdxg3 49. Nf6+ Rxf6+ 50. Kxf6 Rg4 51. f5 Rxh4 52. Kxf7 Rd4 53. Kf6 h5 54. Ke5 Rd2 55. Rc8 h4 56. Rc3 Kh6 57. d6 Kg5 58. Ke6 Kg4 59. f6 Re2+ 60. Kd7 Rf2 61. Ke7 Re2+ 62. Kf8 Re6 63. d7 Rxf6+ 64. Ke7 1-0

[Event "Royal City Masters"]
[Site "Guelph CAN"]
[Date "2025.08.02"]
[Round "2.19"]
[White "Chen, Yidong"]
[Black "Kot, Emanuel"]
[Result "1-0"]
[WhiteElo "2068"]
[BlackElo "2166"]
[WhiteFideId "-1"]
[WhiteFideId "-1"]
[PlyCount "141"]
[GameId "2208245395931390"]
[EventDate "2025.08.01"]
[EventType "swiss"]
[EventRounds "9"]
[EventCountry "CAN"]

1. e4 c5 2. Nf3 e6 3. d4 cxd4 4. Nxd4 Nf6 5. Nc3 Nc6 6. Nxc6 bxc6 7. e5 Nd5 8. Ne4 Bb7 9. Be2 c5 10. O-O Qc7 11. Nd6+ Bxd6 12. exd6 Qc6 13. Bf3 c4 14. Bf4 O-O 15. Bg3 Qb6 16. Qd2 Nf6 17. Bxb7 Qxb7 18. Qd4 Nd5 19. b3 c3 20. a3 f6 21. Rfd1 Qa6 22. h3 Rab8 23. Kh2 Rb5 24. Qd3 Qc6 25. Qc4 Rc5 26. Qe2 Nb6 27. Qa6 Ra8 28. f3 Rd5 29. a4 Qc8 30. Qe2 a6 31. Qe4 Rb8 32. h4 Qe8 33. Bf2 Rxd1 34. Rxd1 Nd5 35. Rd4 Qf8 36. Bg3 f5 37. Qe5 Rc8 38. Rc4 f4 39. Be1 Rxc4 40. bxc4 Ne3 41. c5 Qf7 42. Bxc3 Nd5 43. Qxg7+ Qxg7 44. Bxg7 Kf7 45. Be5 Nb4 46. Bxf4 Nxc2 47. Kg3 Nb4 48. Kg4 Nd3 49. Be3 Nb2 50. Bg5 Ke8 51. Be3 Nxa4 52. Bd4 e5 53. Bxe5 Nxc5 54. Kf5 Kf7 55. h5 a5 56. Bc3 a4 57. g4 a3 58. g5 a2 59. g6+ hxg6+ 60. hxg6+ Kf8 61. Kf6 Ne6 62. Ba1 Ng7 63. f4 Ne8+ 64. Kg5 Nxd6 65. f5 Ne4+ 66. Kh6 Kg8 67. f6 Nd6 68. Be5 Nf5+ 69. Kg5 d6 70. f7+ Kf8 71. Kxf5 1-0

[Event "Royal City Masters"]
[Site "Guelph CAN"]
[Date "2025.08.02"]
[Round "3.1"]
[White "Liang, Jason"]
[Black "Sheng, Joshua"]
[Result "1/2-1/2"]
[WhiteElo "2409"]
[BlackElo "2480"]
[WhiteFideId "-1"]
[WhiteFideId "-1"]
[PlyCount "44"]
[GameId "2202821012496384"]
[EventDate "2025.08.01"]
[EventType "swiss"]
[EventRounds "9"]
[EventCountry "CAN"]

1. e4 e5 2. Nf3 Nc6 3. Bc4 Nf6 4. d3 Bc5 5. O-O d6 6. c3 a6 7. a4 Ba7 8. Re1 O-O 9. h4 Re8 10. Nbd2 Be6 11. Bxe6 Rxe6 12. b4 d5 13. Qc2 d4 14. Bb2 Nh5 15. b5 dxc3 16. Bxc3 Nd4 17. Bxd4 Bxd4 18. Nxd4 Qxd4 19. Qxc7 Rf6 20. Nf3 Rxf3 21. gxf3 Nf4 22. bxa6 Nh3+ 1/2-1/2

[Event "Royal City Masters"]
[Site "Guelph CAN"]
[Date "2025.08.02"]
[Round "3.2"]
[White "Preotu, Razvan"]
[Black "Atanasov, Anthony"]
[Result "1/2-1/2"]
[WhiteElo "2478"]
[BlackElo "2411"]
[WhiteFideId "-1"]
[WhiteFideId "-1"]
[PlyCount "46"]
[GameId "2206517058347008"]
[EventDate "2025.08.01"]
[EventType "swiss"]
[EventRounds "9"]
[EventCountry "CAN"]

1. e4 e5 2. Nf3 Nf6 3. Nxe5 d6 4. Nf3 Nxe4 5. Nc3 Nxc3 6. dxc3 Be7 7. Bf4 O-O 8. Qd2 Nd7 9. O-O-O Re8 10. Bc4 Nb6 11. Bd3 Na4 12. Ng5 Bxg5 13. Bxg5 Qd7 14. Be3 Qc6 15. Bd4 Qd5 16. c4 Qh5 17. h4 Nc5 18. g4 Nxd3+ 19. cxd3 Qxg4 20. Qc3 Qf4+ 21. Be3 Qe5 22. Bd4 Qf4+ 23. Be3 Qe5 1/2-1/2

[Event "Royal City Masters"]
[Site "Guelph CAN"]
[Date "2025.08.02"]
[Round "3.3"]
[White "Kantans, Toms"]
[Black "Han, Johnathan"]
[Result "1-0"]
[WhiteElo "2515"]
[BlackElo "2402"]
[WhiteFideId "-1"]
[WhiteFideId "-1"]
[PlyCount "157"]
[GameId "2206517058347008"]
[EventDate "2025.08.01"]
[EventType "swiss"]
[EventRounds "9"]
[EventCountry "CAN"]

1. e4 c5 2. Nf3 d6 3. Bb5+ Nd7 4. Ba4 Ngf6 5. O-O e6 6. d3 Be7 7. c4 O-O 8. Nc3 Ne5 9. Ne1 Qc7 10. f4 Nc6 11. Nf3 a6 12. Kh1 Bd7 13. Be3 Rac8 14. Rc1 Qb8 15. Qe2 Rfd8 16. Bf2 Be8 17. Bxc6 Bxc6 18. Bh4 Re8 19. Rce1 b5 20. b3 Rcd8 21. e5 Nd7 22. Bxe7 Rxe7 23. Qe3 Nf8 24. Ne4 Bxe4 25. dxe4 Ng6 26. exd6 Qxd6 27. e5 Qc6 28. Rc1 b4 29. Rcd1 Red7 30. Rxd7 Rxd7 31. Kg1 Ne7 32. g4 h6 33. h3 Qb6 34. Rf2 Nc6 35. f5 Rd1+ 36. Kg2 Nd4 37. f6 Qb7 38. fxg7 Kxg7 39. Kg3 Qd7 40. Rd2 Rxd2 41. Qxd2 Qc7 42. Qe3 Nxf3 43. Kxf3 Qe7 44. Kg3 Qc7 45. Kh4 Kg6 46. Qe4+ f5 47. exf6+ Kxf6 48. Qe3 Kg7 49. Qxe6 Qd8+ 50. Kg3 Qd3+ 51. Kf4 Qd4+ 52. Kf3 Qd1+ 53. Qe2 Qd6 54. h4 Qf6+ 55. Kg3 Qc3+ 56. Kg2 Qf6 57. Qf2 Qe5 58. Qc2 a5 59. h5 Qg5 60. Kf3 Qf6+ 61. Qf5 Qc3+ 62. Kf4 Qd4+ 63. Qe4 Qf6+ 64. Kg3 Qc3+ 65. Kg2 Qb2+ 66. Kf3 Qf6+ 67. Qf4 Qc3+ 68. Qe3 Qf6+ 69. Kg3 Qc3 70. Kf2 Qb2+ 71. Qe2 Qd4+ 72. Kg2 Qf6 73. Qd2 Qe5 74. Qd7+ Kh8 75. Kf3 Qc3+ 76. Kf4 Qf6+ 77. Ke4 Qb2 78. Qe8+ Kg7 79. Qe5+ 1-0

[Event "Royal City Masters"]
[Site "Guelph CAN"]
[Date "2025.08.02"]
[Round "3.4"]
[White "Noritsyn, Nikolay"]
[Black "Posthuma, Joshua"]
[Result "1-0"]
[WhiteElo "2462"]
[BlackElo "2380"]
[WhiteFideId "-1"]
[WhiteFideId "-1"]
[PlyCount "157"]
[GameId "2206517058387968"]
[EventDate "2025.08.01"]
[EventType "swiss"]
[EventRounds "9"]
[EventCountry "CAN"]

1. e4 c5 2. Nf3 g6 3. d4 cxd4 4. Nxd4 Bg7 5. c4 Qb6 6. Nb3 Qc7 7. Be2 d6 8. O-O Nc6 9. Re1 Be6 10. Nc3 Bxc3 11. bxc3 Nf6 12. Bh6 Nxe4 13. Bf3 Nc5 14. Nxc5 dxc5 15. Rb1 Bxc4 16. Qa4 b5 17. Qa6 Rc8 18. a4 f6 19. axb5 Ne5 20. Rxe5 fxe5 21. Qa4 Be6 22. b6+ Bd7 23. Qxa7 Qxa7 24. bxa7 Kf7 25. Bb7 Ra8 26. Ra1 Rhb8 27. Bxa8 Rxa8 28. Be3 c4 29. Rb1 Bc6 30. Rb8 Ke6 31. Kf1 Kf5 32. h4 Kg4 33. g3 Kf3 34. Ke1 Bd5 35. Kd2 e6 36. Kc2 Ke2 37. Kb2 Kd3 38. Rb5 h5 39. Rb8 Bc6 40. Rb6 Bd5 41. Rb5 Ke4 42. Ka3 Kd3 43. Kb4 Kc2 44. Rb8 Kd3 45. Rb5 Kc2 46. Bb6 Kd3 47. Bc5 Kc2 48. Be3 Kd3 49. Rb8 Bf3 50. Rb6 Bd5 51. Rd6 Kc2 52. Rd7 Kd3 53. Rg7 Be4 54. Re7 Bd5 55. Rd7 Rc8 56. Bb6 Ra8 57. Rc7 Rg8 58. Rf7 Ra8 59. Rf6 Rg8 60. Be3 Ke2 61. Bc5 Kd3 62. Rf7 Rd8 63. Bb6 Rg8 64. Bc7 e4 65. Bb6 Ra8 66. Rg7 Kc2 67. Bd4 Rd8 68. Be3 Rd6 69. Rxg6 Ra6 70. Rg5 Ra1 71. Rxh5 Rb1+ 72. Kc5 Ra1 73. Rh7 Kb3 74. Bd4 Ra6 75. Kb5 e5 76. Bxe5 Re6 77. Bd4 Bc6+ 78. Kc5 Ka4 79. Rh8 1-0

[Event "Royal City Masters"]
[Site "Guelph CAN"]
[Date "2025.08.02"]
[Round "3.6"]
[White "Perez Rodriguez, Luis Manuel"]
[Black "Sai, Krishna GV"]
[Result "1/2-1/2"]
[WhiteElo "2318"]
[BlackElo "2390"]
[WhiteFideId "-1"]
[WhiteFideId "-1"]
[PlyCount "87"]
[GameId "2208264503491118"]
[EventDate "2025.08.01"]
[EventType "swiss"]
[EventRounds "9"]
[EventCountry "CAN"]

1. e4 e5 2. Nf3 Nc6 3. Bb5 a6 4. Ba4 Nf6 5. O-O Be7 6. Re1 b5 7. Bb3 O-O 8. c3 d5 9. exd5 Nxd5 10. Nxe5 Nxe5 11. Rxe5 c6 12. Re1 Bd6 13. d3 Bf5 14. Qf3 Qh4 15. g3 Qh3 16. Be3 Bxd3 17. Bd4 Bf5 18. Nd2 Bg4 19. Qg2 Qh5 20. c4 Nb4 21. Ne4 Bc7 22. Bd1 Nd3 23. Bxg4 Qxg4 24. Re3 bxc4 25. Bc3 Bb8 26. h3 Qg6 27. Nd2 Ba7 28. Rf3 Qe6 29. Nf1 Qe2 30. Ne3 Rfd8 31. Nf5 f6 32. Rf1 Ne5 33. Rc1 Ng6 34. Re1 Rd1 35. Rxd1 Qxd1+ 36. Kh2 Qd5 37. h4 h5 38. Nxg7 Kxg7 39. Rxf6 Qxg2+ 40. Kxg2 Bb8 41. Re6+ Kf7 42. Rf6+ Kg7 43. Re6+ Kf7 44. Rf6+ 1/2-1/2

[Event "Royal City Masters"]
[Site "Guelph CAN"]
[Date "2025.08.02"]
[Round "3.7"]
[White "Plotkin, Mark"]
[Black "Qian, Ashley"]
[Result "1-0"]
[WhiteElo "2361"]
[BlackElo "2134"]
[WhiteFideId "-1"]
[WhiteFideId "-1"]
[PlyCount "53"]
[GameId "2208273588017727"]
[EventDate "2025.08.01"]
[EventType "swiss"]
[EventRounds "9"]
[EventCountry "CAN"]

1. d4 d5 2. c4 e6 3. Nf3 Nf6 4. g3 Be7 5. Bg2 c6 6. Nc3 O-O 7. O-O b6 8. Ne5 Bb7 9. e4 dxc4 10. Nxc4 Ba6 11. b3 b5 12. Ne5 b4 13. Ne2 Bxe2 14. Qxe2 Qxd4 15. Bb2 Qb6 16. Rfd1 Na6 17. Nxc6 Qxc6 18. Bxf6 gxf6 19. e5 Qb6 20. Bxa8 Rxa8 21. Rd7 Re8 22. Rxe7 Rxe7 23. Qg4+ Kf8 24. exf6 Rc7 25. Rd1 Rc8 26. Qg7+ Ke8 27. Qg8# 1-0